Statistics for Unitary Authorities of England

Click here to take the quiz!

General Stats

  • This quiz has been taken 37 times
  • The average score is 29 of 56

Answer Stats

Answer% Correct
Brighton and Hove
78%
Plymouth
78%
Derby
72%
Leicester
72%
Blackpool
67%
Bristol
67%
Cornwall
67%
Kingston upon Hull
67%
Reading
67%
Southampton
67%
Bath and North East Somerset
61%
Blackburn with Darwen
61%
Peterborough
61%
Portsmouth
61%
Stoke-on-Trent
61%
Wiltshire
61%
York
61%
Cheshire West and Chester
56%
Luton
56%
Middlesbrough
56%
North Somerset
56%
Nottingham
56%
Redcar and Cleveland
56%
Stockton-on-Tees
56%
Telford and Wrekin
56%
Bedford
50%
County Durham
50%
Medway
50%
Milton Keynes
50%
Shropshire
50%
Slough
50%
Southend-on-Sea
50%
Swindon
50%
Torbay
50%
Windsor and Maidenhead
50%
Bournemouth, Christchurch and Poole
44%
Buckinghamshire
44%
Cheshire East
44%
Hartlepool
44%
Herefordshire
44%
Thurrock
44%
Wokingham
44%
Bracknell Forest
39%
Central Bedfordshire
39%
Dorset
39%
East Riding of Yorkshire
39%
North East Lincolnshire
39%
North Lincolnshire
39%
South Gloucestershire
39%
West Berkshire
39%
Darlington
33%
Northumberland
33%
Rutland
33%
Halton
22%
Isle of Wight
22%
Warrington
22%

Score Distribution

Percentile by Number Answered

Percent of People with Each Score

Your Score History

You have not taken this quiz